रामचर्चा (Record no. 396644)

MARC details
000 -LEADER
fixed length control field 00657 a2200205 4500
005 - DATE & TIME
control field 20260218160545.0
008 - FIXED-LENGTH DATA ELEMENTS--GENERAL INFORMATION
fixed length control field 260218b |||||||| |||| 00| 0 eng d
020 ## - ISBN
International Standard Book Number 9789349983724
Price रु 450.00
040 ## - CATALOGING SOURCE
Original cataloging agency VIVEKANANDA LIBRARY
082 ## - DDC NUMBER
Classification number 891.433451
Book Number PC916R
100 ## - MAIN ENTRY--PERSONAL NAME
Personal name प्रेमचन्द, मुंशी
110 ## - MAIN ENTRY--CORPORATE NAME
Corporate name
245 ## - TITLE STATEMENT
Title रामचर्चा
250 ## - EDITION STATEMENT
Edition statement Latest edition
260 ## - PUBLICATION, DISTRIBUTION, ETC. (IMPRINT)
Name of publisher, distributor, etc डी पी एस पब्लिशिंग हाउस
Date of publication, distribution, etc 2026
Place of publication, distribution, etc नई दिल्ली
300 ## - PHYSICAL DESCRIPTION
Pages 143
650 ## - Subject
Subject हिन्दी साहित्य
651 ## - SUBJECT ADDED ENTRY--GEOGRAPHIC NAME
Geographic name हिन्दी उपन्यास
942 ## - ADDED ENTRY ELEMENTS (KOHA)
Koha item type Hindi Books
Holdings
Withdrawn status Lost status Source of classification or shelving scheme Damaged status Not for loan Location (home branch) Sublocation or collection (holding branch) Date acquired Koha issues (times borrowed) Accession No. Koha date last seen Koha item type
    Dewey Decimal Classification     VIVEKANANDA LIBRARY VIVEKANANDA LIBRARY 04/02/2026 1 438085 17/03/2026 Books
© Designed and Maintained by Vivekananda Library, MDU Rohtak